[Event "Roncana op-B 9th"]
[Site "Santa Eulalia de Roncana"]
[Date "2015.11.14"]
[Round "6"]
[White "Lopez Martinez, Angel"]
[Black "Carvajal Rodriguez, Juan"]
[Result "1-0"]
[WhiteElo "1835"]
[BlackElo "1733"]
[PlyCount "49"]
[EventDate "2015.10.03"]
[EventType "swiss"]
[EventRounds "8"]
[EventCountry "ESP"]
[SourceTitle "EXT 2017"]
[Source "ChessBase"]
[SourceDate "2016.10.25"]
[SourceVersion "1"]
[SourceVersionDate "2016.10.25"]
[SourceQuality "1"]

1. e4 e5 2. Nf3 Nc6 3. d4 exd4 4. Bc4 Bc5 5. Ng5 Nh6 6. Nxf7 Nxf7 7. Bxf7+ Kxf7 8. Qh5+ Kg8 9. Qxc5 d6 10. Qd5+ Kf8 11. Na3 Qf6 12. 0-0 Be6 13. Qb5 a6 14. Qxb7 Ke7 15. Qxc6 Ra7 16. Bd2 Bd7 17. Qc4 Be6 18. Qb4 a5 19. Qb5 Rha8 20. Bg5 Kf7 21. Bxf6 gxf6 22. f4 Rg8 23. Rf3 Rg7 24. Rg3 Ra8 25. Rxg7+ 1-0

[Event "Roncana op-B 9th"]
[Site "Santa Eulalia de Roncana"]
[Date "2015.11.07"]
[Round "5"]
[White "Carvajal Rodriguez, Juan"]
[Black "Rivera Vargas, Toni"]
[Result "1-0"]
[WhiteElo "1733"]
[BlackElo "1826"]
[PlyCount "85"]
[EventDate "2015.10.03"]
[EventType "swiss"]
[EventRounds "8"]
[EventCountry "ESP"]
[SourceTitle "EXT 2017"]
[Source "ChessBase"]
[SourceDate "2016.10.25"]
[SourceVersion "1"]
[SourceVersionDate "2016.10.25"]
[SourceQuality "1"]

1. e4 e5 2. Nf3 Nc6 3. c3 Nf6 4. Qc2 d5 5. exd5 Qxd5 6. c4 Nd4 7. Qa4+ Qc6 8. Qxc6+ Nxc6 9. Be2 Bc5 10. 0-0 0-0 11. Nc3 Be6 12. d3 h6 13. Be3 Nd4 14. Nxe5 Nxe2+ 15. Nxe2 Bxe3 16. fxe3 Ng4 17. Nxg4 Bxg4 18. Nf4 Rfe8 19. e4 g5 20. Nd5 Red8 21. Nf6+ Kg7 22. Nxg4 Rxd3 23. Ne5 Rd4 24. Rxf7+ Kg8 25. Raf1 Rxe4 26. Nd7 Rxc4 27. Ne5 Rc2 28. Rd7 Rf8 29. Rxf8+ Kxf8 30. Nd3 Rd2 31. Nc5 Rxb2 32. Rxc7 a6 33. Nxb7 Rxa2 34. Nc5 Kg8 35. Ra7 a5 36. h3 h5 37. Kh2 h4 38. Ne4 a4 39. Nc3 Ra3 40. Ne4 Ra1 41. Nxg5 a3 42. Nf3 a2 43. Ng1 1-0

[Event "Roncana op-B 5th"]
[Site "Santa Eulalia de Roncana"]
[Date "2011.10.15"]
[Round "3"]
[White "Bertran Genis, Josep"]
[Black "Carvajal Rodriguez, Juan"]
[Result "1-0"]
[WhiteElo "1684"]
[BlackElo "1527"]
[PlyCount "99"]
[EventDate "2011.10.01"]
[EventType "swiss"]
[EventRounds "8"]
[EventCountry "ESP"]
[SourceTitle "EXT 2013"]
[Source "ChessBase"]
[SourceDate "2012.11.22"]
[SourceVersion "1"]
[SourceVersionDate "2012.11.22"]
[SourceQuality "1"]

1. e4 e5 2. Nf3 Nc6 3. g3 Bc5 4. Bg2 Nf6 5. d3 h6 6. 0-0 0-0 7. Nbd2 d5 8. a4 Bg4 9. h3 h5 10. Re1 Re8 11. Nb3 Bd6 12. Bd2 dxe4 13. dxe4 Qe7 14. Bc3 Rad8 15. Qe2 Nh7 16. Rad1 Ng5 17. Qe3 Nxf3+ 18. Bxf3 Bxf3 19. Qxf3 Qe6 20. Kg2 Rf8 21. Qe3 f5 22. Nc5 Qc8 23. exf5 Rxf5 24. Ne4 Qe6 25. Qe2 Rdf8 26. b3 Ne7 27. Rd2 Nd5 28. Qc4 c6 29. Ree2 Qg6 30. Nxd6 Qxd6 31. Bb4 Qxb4 32. Qd3 Nc3 33. Re1 Qc5 34. Re3 e4 35. Qxc3 Qxc3 36. Rxc3 Re5 37. Rd7 Rf7 38. Rd8+ Rf8 39. Rxf8+ Kxf8 40. Re3 Rc5 41. c4 b5 42. axb5 cxb5 43. Rxe4 b4 44. Kf3 a5 45. Ke3 a4 46. Kd4 Ra5 47. bxa4 Rxa4 48. Re2 b3 49. Rb2 Ra2 50. Kc3 1-0